George Wimpey UK Ltd V Tewkesbury Borough Council (Record no. 78797)
[ view plain ]
| 000 -LEADER | |
|---|---|
| fixed length control field | 01553cab a22002295a 4500 |
| 001 - CONTROL NUMBER | |
| control field | L138132 |
| 008 - FIXED-LENGTH DATA ELEMENTS--GENERAL INFORMATION | |
| fixed length control field | 070518s2007 xxk f w 000 0 eng d |
| 035 ## - SYSTEM CONTROL NUMBER | |
| System control number | (Sirsi) u138132 |
| 041 0# - LANGUAGE CODE | |
| Language code of text/sound track or separate title | eng |
| 245 00 - TITLE STATEMENT | |
| Title | George Wimpey UK Ltd V Tewkesbury Borough Council |
| Medium | [electronic resource] |
| 260 ## - PUBLICATION, DISTRIBUTION, ETC. | |
| Date of publication, distribution, etc. | 2007 |
| 520 ## - SUMMARY, ETC. | |
| Summary, etc. | [2007] EWHC 628 (Admin), 3 April 2007. Considers a local plan for housing development and whether parts of that plan should be included even if they could not be developed within the timeframe. The applicant argued that a part of its land included within the defendant?s plans could not realistically be developed within its five-year housing plan. It argued further that two further areas of land should have been included in the plan, that inadequate reasons had been given for these decisions, and that the defendant should have reopened the local plan enquiry. "Held": It was found that the area of land which could not be realistically developed in time should be withdrawn from the plans. The two further areas of land were included for satisfactory reasons. The local plan enquiry did not require reopening. The application was granted in part. |
| 650 24 - SUBJECT ADDED ENTRY--TOPICAL TERM | |
| Topical term or geographic name entry element | GEORGE WIMPEY UK LTD V TEWKESBURY BC |
| 650 24 - SUBJECT ADDED ENTRY--TOPICAL TERM | |
| Topical term or geographic name entry element | PPG3 |
| 650 24 - SUBJECT ADDED ENTRY--TOPICAL TERM | |
| Topical term or geographic name entry element | PPG12 |
| 650 24 - SUBJECT ADDED ENTRY--TOPICAL TERM | |
| Topical term or geographic name entry element | DREXFINE HOLDINGS LTD v CHERWELL DC |
| 650 24 - SUBJECT ADDED ENTRY--TOPICAL TERM | |
| Topical term or geographic name entry element | RPG10 |
| 651 #4 - SUBJECT ADDED ENTRY--GEOGRAPHIC NAME | |
| Geographic name | England and Wales |
| Chronological subdivision | 1543- |
| 690 ## - LOCAL SUBJECT ADDED ENTRY--TOPICAL TERM (OCLC, RLIN) | |
| Topical term or geographic name as entry element | Planning and development |
| 9 (RLIN) | 6259 |
| 856 40 - ELECTRONIC LOCATION AND ACCESS | |
| Uniform Resource Identifier | <a href="https://www.bailii.org/ew/cases/EWHC/Admin/2007/628.html">https://www.bailii.org/ew/cases/EWHC/Admin/2007/628.html</a> |
| Public note | View the article online at www.bailii.org... |
| 942 ## - ADDED ENTRY ELEMENTS (KOHA) | |
| Suppress in OPAC | 0 |
| Withdrawn status | Lost status | Source of classification or shelving scheme | Damaged status | Not for loan | Home library | Current library | Shelving location | Date acquired | Total Checkouts | Full call number | Barcode | Date last seen | Copy number | Price effective from | Koha item type |
|---|---|---|---|---|---|---|---|---|---|---|---|---|---|---|---|
| Dewey Decimal Classification | Virtual | Virtual | Online | 18/05/2007 | ONLINE PUBLICATION | 138132-1001 | 06/08/2019 | 1 | 06/08/2019 | Law report |